Transfery Pogoni w letnim okienku transferowym 2020/21. - Statystyki

Ogólne statystyki
  • Ten quiz został rozwiązany 30 razy
  • Średni wynik to 4 z 6
Statystyki odpowiedzi
Cena Pozycja Poprzedni klub Piłkarz % Poprawnych
Za darmo Lewy obrońca FC Porto B Mata
93%
Za darmo Środkowy napastnik NK Maribor Zahovic
85%
Za darmo Prawy napastnik Ural Kucharczyk
81%
Za darmo Lewy napastnik HNK Rijeka Gorgon
59%
Za darmo Lewy pomocnik Polonia Bytom Fornalczyk
52%
Za darmo Środkowy obrońca Garbarnia Kraków Mruk
52%
Nie znaleziono quizów pasujących do podanych kryteriów
Rozkład punktacji
Procent ludzi z każdym wynikiem
Percentyl według liczby udzielonych odpowiedzi
Twoja historia wyników
Nie rozwiązałeś tego quizu